[Event "SVK-chT2D 1718"]
[Site "Slovakia"]
[Date "2018.01.14"]
[Round "6.8"]
[White "Lenko, Vasil"]
[Black "Banoci, Jaroslav"]
[Result "1-0"]
[WhiteElo "1640"]
[BlackElo "1813"]
[PlyCount "53"]
[EventDate "2017.10.28"]
[EventType "team-tourn"]
[EventRounds "11"]
[EventCountry "SVK"]
[SourceTitle "EXT 2019"]
[Source "ChessBase"]
[SourceDate "2018.10.10"]
[SourceVersion "1"]
[SourceVersionDate "2018.10.10"]
[SourceQuality "1"]
[WhiteTeam "Velke Kapusany"]
[BlackTeam "Presov Tatran II"]
[WhiteTeamCountry "SVK"]
[BlackTeamCountry "SVK"]

1. e4 d6 2. Nc3 Nf6 3. d4 g6 4. Bg5 Bg7 5. Nf3 c6 6. Bd3 b5 7. 0-0 0-0 8. Qd2 Bg4 9. Nh4 Nbd7 10. h3 Be6 11. Bh6 Nb6 12. b3 Bd7 13. Bxg7 Kxg7 14. f4 e6 15. Qf2 Qe7 16. g4 Kh8 17. Rae1 Ng8 18. f5 gxf5 19. exf5 Nf6 20. Kh2 Rae8 21. g5 Nfd5 22. f6 Qd8 23. Qf3 Rg8 24. Qh5 Rg6 25. Bxg6 fxg6 26. Nxg6+ Kg8 27. f7+ 1-0

[Event "SVK-chT2D 1718"]
[Site "Slovakia"]
[Date "2017.11.25"]
[Round "3.7"]
[White "Lenko, Vasil"]
[Black "Antal, Jakub"]
[Result "0-1"]
[WhiteElo "1640"]
[BlackElo "1837"]
[PlyCount "74"]
[EventDate "2017.10.28"]
[EventType "team-tourn"]
[EventRounds "11"]
[EventCountry "SVK"]
[SourceTitle "EXT 2019"]
[Source "ChessBase"]
[SourceDate "2018.10.10"]
[SourceVersion "1"]
[SourceVersionDate "2018.10.10"]
[SourceQuality "1"]
[WhiteTeam "Velke Kapusany"]
[BlackTeam "Kosice Slavia TU IV"]
[WhiteTeamCountry "SVK"]
[BlackTeamCountry "SVK"]

1. e4 c5 2. Nf3 Nc6 3. Bc4 e6 4. 0-0 Nf6 5. e5 d5 6. Bb5 Nd7 7. Bxc6 bxc6 8. d3 Rb8 9. Nc3 Be7 10. Re1 Ba6 11. Ne2 0-0 12. Nf4 c4 13. d4 c5 14. c3 Qb6 15. Nh5 cxd4 16. cxd4 f6 17. exf6 Nxf6 18. Ng5 Bc8 19. Qc2 g6 20. Nf4 Bd7 21. Nxh7 Nxh7 22. Qxg6+ Kh8 23. Nxe6 Bxe6 24. Rxe6 Qxd4 25. Be3 Qxb2 26. Rd1 Bf6 27. Bh6 Bg7 28. Re2 Qf6 29. Bxg7+ Qxg7 30. Qd6 d4 31. Re7 Qf6 32. Qxf6+ Rxf6 33. Rxa7 Rc6 34. Kf1 d3 35. Rd7 c3 36. R7xd3 c2 37. Rc1 Rb1 0-1

[Event "SVK-chT2D 0607"]
[Site "Slovakia"]
[Date "2007.01.13"]
[Round "7.4"]
[White "Lenko, Vasil"]
[Black "Zido, Peter"]
[Result "0-1"]
[WhiteElo "1811"]
[BlackElo "1910"]
[PlyCount "88"]
[EventDate "2006.10.14"]
[EventType "team-tourn"]
[EventRounds "11"]
[EventCountry "SVK"]
[SourceTitle "EXT 2008"]
[Source "ChessBase"]
[SourceDate "2007.11.25"]
[SourceVersion "1"]
[SourceVersionDate "2007.11.25"]
[SourceQuality "1"]
[WhiteTeam "Velke Kapusany Energetik"]
[BlackTeam "Humenne Reinter"]
[WhiteTeamCountry "SVK"]
[BlackTeamCountry "SVK"]

1. e4 e5 2. Nf3 Nc6 3. Bc4 Bc5 4. c3 Nf6 5. d4 exd4 6. e5 d5 7. Bb5 Ne4 8. cxd4 Bb4+ 9. Bd2 Nxd2 10. Nbxd2 0-0 11. Bxc6 bxc6 12. a3 Ba5 13. b4 Bb6 14. 0-0 a5 15. Nb3 Bg4 16. Nc5 Re8 17. h3 Bh5 18. Qb3 Qc8 19. Rae1 axb4 20. axb4 Rb8 21. Qe3 Bg6 22. Nh4 Bxc5 23. bxc5 Re6 24. f4 Be4 25. f5 Rh6 26. Rf4 Rb2 27. Re2 Rb1+ 28. Kh2 Rd1 29. Rg4 Bxf5 30. Nxf5 Qxf5 31. Rb2 Kf8 32. Rb8+ Ke7 33. Rxg7 Rg6 34. Rgg8 Rxg8 35. Rxg8 Rf1 36. Rg4 h5 37. Rg3 Qf4 38. Qc3 h4 39. Qe3 hxg3+ 40. Qxg3 Qxg3+ 41. Kxg3 Rd1 42. Kf4 Rxd4+ 43. Kf5 Rd2 44. g3 Rf2+ 0-1